| 000 | 00808 a2200157 4500 | ||
|---|---|---|---|
| 003 | Nust | ||
| 005 | 20170207154319.0 | ||
| 040 | _cNust | ||
| 082 | _a511 | ||
| 100 | _aWillems,C.Jan | ||
| 245 |
_aIntroduction to the Mathematical Theory of Systems and Control (E-BOOK) _bSystems and Control _cJan C. Willems |
||
| 260 |
_aNew York _bSpring _c2005 |
||
| 300 | _a458 p; | ||
| 505 | _a Dynamical Systems (Page-1) Systems Defined by Linear Differential Equations (Page-27) Time Domain Description of Linear Systems (Page-67) State Space Models (Page-119) Controllability and Observability (Page-155) Elimination of Latent Variables and State Space Represen-tations (Page-205) Stability Theory (Page-247) Pole Placement by State Feedback (Page-317) Observers and Dynamic Compensators (Page-347) | ||
| 650 | _aMatematical | ||
| 942 |
_2ddc _cBK |
||
| 999 |
_c196691 _d196691 |
||